000 00410nam a2200181Ia 4500
001 2404
005 20260306144804.0
008 260306t2006||||xx |||||||||||||| ||spa||
041 _aESP
082 _a616.89
_bJ24
100 _aJarne Esparcia, Adolfo
_eAUT
245 0 _aPsicopatologĂ­a
260 _c2006
300 _a337 páginas :
_ccm.
650 _aGEN
654 _aCPS
942 _cLIB
_dJUS
_fJUS
_2ddc
_n
999 _c2404
_d2404